000 00962nam a2200229 i 4500
001 22156
003 ES-MaACL
005 20250831122742.0
007 t|
008 021219s1885 sp |||| | fre d
245 0 0 _aSanta Rita
_b: école de réforme et asile de correction paternelle autorisée par loi du 4 janvier 1883 a Carabanchel, près Madrid.
260 _aMadrid :
_b[s.n.],
_c1885 (
_fTip. de Manuel G. Hernández)
300 _a30 p. ;
_c24 cm.
610 2 7 _aEscuela de Reforma de Santa Rita (Madrid)
_2
_9134367
650 4 _aReformatorios-
_zMadrid.
_9139196
852 _aES-MaACL
_922960
_jD-90(10)
_zDonativo Lastres
_cSVI
_dOlim:193-C-12
_hDonación: Francisco Lastres y Juiz
_xEncuadernado con otras obras formando un volumen facticio
852 _aES-MaACL
_922959
_jT-435-F-10
_cDEPOF
903 _aLastres y Juiz, Francisco,
_d1848-1918
_q1
_ednr
_970504
942 _2udc
_cFOLLETOS
999 _c22156
_d22156